|
|
|
|
| LEADER |
00000cas a2200000 a 4500 |
| 001 |
vtls011466569 |
| 003 |
SK-MaSNL |
| 005 |
20260228164247.0 |
| 008 |
160113c20159999xo fr|p r 0 b0slo |
| 022 |
|
|
|a 2453-7519
|
| 040 |
|
|
|a SNK
|b slo
|c SNK
|e AACR2
|
| 041 |
0 |
|
|a slo
|
| 043 |
|
|
|a e-xo---
|
| 044 |
|
|
|a xo
|c SK
|
| 072 |
|
7 |
|a 316.7
|x Sociológia kultúry. Kultúrny život
|2 konspekt
|
| 072 |
|
7 |
|a 352/354
|x Stupne miestnej, oblastnej a ústrednej správy
|2 konspekt
|
| 080 |
|
|
|a 316.728
|2 2011
|
| 080 |
|
|
|a 352
|2 2011
|
| 080 |
|
|
|a (437.6)
|2 2011
|
| 080 |
|
|
|a 050
|2 2001
|
| 080 |
|
|
|a (051)+(054)
|2 2011
|
| 210 |
0 |
|
|a Jovśanski nov.
|
| 222 |
|
0 |
|a Jovśanski noviňki
|
| 245 |
0 |
0 |
|a Jovsanské noviny
|b občasník obce Jovsa
|
| 246 |
1 |
3 |
|a Jovśanski noviňki
|f 2/2015-
|
| 260 |
|
|
|a Jovsa
|b Obecný úrad
|c 2015-
|
| 300 |
|
|
|a zv.
|c 30 cm
|
| 310 |
|
|
|a 2x ročne
|
| 362 |
0 |
|
|a Roč. I, č. 1 (2015)-
|
| 500 |
|
|
|a Evidenčné číslo: EV 5268/15
|
| 500 |
|
|
|a V tiráži podnázov: občasník občanov obce Jovsa
|
| 650 |
0 |
7 |
|a spoločenský život
|2 SNKPH
|9 28654
|
| 650 |
0 |
7 |
|a miestna správa
|2 SNKPH
|9 29496
|
| 651 |
|
7 |
|a Jovsa (Slovensko)
|2 SNKPH
|9 51710
|
| 655 |
|
7 |
|a miestne periodiká
|2 SNKPH
|9 160938
|
| 910 |
|
|
|a snk
|
| 999 |
|
|
|c 12937
|d 14867
|
| 952 |
|
|
|0 0
|1 0
|4 0
|7 0
|8 0
|a SNK
|b SNK
|d 2021-06-16
|i snk2021/7120
|l 0
|o snkČSB 6938/4/2018
|p 17A1434460
|r 2026-02-21 19:53:26
|t č. 1-2
|w 2026-02-21
|y PREZ
|
| 952 |
|
|
|0 0
|1 0
|4 0
|7 0
|8 0
|a SNK
|b SNK
|d 2021-06-16
|i snk2021/7121
|l 0
|o snkČSB 6938/5/2019
|p 17A1434461
|r 2026-02-21 19:53:28
|t č. 1-2
|w 2026-02-21
|y PREZ
|
| 952 |
|
|
|0 0
|1 0
|4 0
|7 0
|8 0
|a SNK
|b SNK
|d 2021-06-16
|i snk2021/7122
|l 0
|o snkČSB 6938/6/2020
|p 17A1434462
|r 2026-02-21 19:53:28
|t č. 1-2
|w 2026-02-21
|y PREZ
|
| 952 |
|
|
|0 0
|1 0
|4 0
|7 0
|8 0
|a SNK
|b SNK
|d 2019-01-22
|i snk2019/1768
|l 0
|o snkČSB 6938/3/2017
|p 17A1342486
|r 2026-02-21 22:20:22
|t č. 1-2
|w 2026-02-21
|y PREZ
|
| 952 |
|
|
|0 0
|1 0
|4 0
|7 0
|8 0
|a SNK
|b SNK
|d 2019-01-22
|i snk2019/1762
|l 0
|o snkČSB 6938/1/2015
|p 17A1342488
|r 2026-02-21 22:27:08
|t č. 1-2
|w 2026-02-21
|y PREZ
|
| 952 |
|
|
|0 0
|1 0
|4 0
|7 0
|8 0
|a SNK
|b SNK
|d 2019-01-22
|i snk2019/1765
|l 0
|o snkČSB 6938/2/2016
|p 17A1342487
|r 2026-02-21 22:27:08
|t č. 1-2
|w 2026-02-21
|y PREZ
|